| 000 | 00478cam a2200193ua 4500 | ||
|---|---|---|---|
| 001 | 9297 | ||
| 005 | 20260515114442.0 | ||
| 008 | 150225n ii |||gr||||Z||||||asm | ||
| 040 | _cMAIN | ||
| 041 | _aasm | ||
| 082 | _a920 | ||
| 100 |
_aMedhi, B. K., _eEditor. |
||
| 245 | 1 |
_aMangaldai mihir Bipin Chandra Medhi _cEdited by B. K. Medhi |
|
| 250 | _a1st. | ||
| 260 |
_aGuwahati: _bBhabani, _c2012. |
||
| 300 | _a252p. | ||
| 653 | _aBiography, genealogy & insignia | ||
| 942 | _cBK | ||
| 999 |
_c8357 _d8357 |
||